Normal view
MARC view
Entry Topical Term
001 - CONTROL NUMBER
- control field: 53171
003 - CONTROL NUMBER IDENTIFIER
- control field: OSt
005 - DATE AND TIME OF LATEST TRANSACTION
- control field: 20160421151235.0
008 - FIXED-LENGTH DATA ELEMENTS
- fixed length control field: 160421|| aca||aabn | a|a d
040 ## - CATALOGING SOURCE
- Original cataloging agency: OSt
- Transcribing agency: OSt
150 ## - HEADING--TOPICAL TERM
- Topical term or geographic name entry element: संगीत
670 ## - SOURCE DATA FOUND
- Source citation: Work cat.: (OSt)45218: सिंह स्व. डॉ. ठाकुर जयदेव 53170, भारतीय संगीत का इतिहास , 2010









